Quantitative agricultural analysis /

Bibliographic Details
Main Author: Mahin, Edward G., 1876-
Other Authors: Carr, Ralph Harold, 1878-
Format: Book
Language:English
Published: New York : McGraw-Hill, 1923.
Edition:1st ed.
Series:International chemical series.
Subjects:

MARC

Tag First Indicator Second Indicator Subfields
LEADER 00000cam a2200000 4500
001 in00000046911
005 20210501063717.0
008 780712s1923 nyua 00110 engm
010 |a  23005132  
035 |a (OCoLC)04047177 
035 |9 AAF3286AM 
040 |a DLC  |c GAT  |d TXA  |d UtOrBLW 
049 |a TXAM  |c [31853] 
050 0 |a S587  |b .M3 1923 
092 |a 630.24  |b M21q 
100 1 |a Mahin, Edward G.,  |d 1876- 
245 1 0 |a Quantitative agricultural analysis /  |c by Edward G. Mahin and Ralph H. Carr. 
250 |a 1st ed. 
264 1 |a New York :  |b McGraw-Hill,  |c 1923. 
300 |a xiii, 329 pages :  |b illustrations, diagrams ;  |c 21 cm. 
336 |a text  |b txt  |2 rdacontent 
337 |a unmediated  |b n  |2 rdamedia 
338 |a volume  |b nc  |2 rdacarrier 
490 1 |a International chemical series 
500 |a "International atomic weights, 1922", on lining-paper. 
650 0 |a Agricultural chemistry. 
650 0 |a Analytical chemistry  |x Quantitative. 
700 1 |a Carr, Ralph Harold,  |d 1878- 
830 0 |a International chemical series. 
999 |a MARS 
999 f f |s 2a98dcdf-36e4-36ac-ac39-7ac5315a1f24  |i 9361420b-19d6-321d-97a8-4c4177f2b291  |t 0 
952 f f |p ric  |a Texas A&M University  |b Rellis Campus  |c Joint Library Facility  |d Remote Storage  |t 0  |e S587 .M3 1923  |h Library of Congress classification  |i unmediated -- volume  |m A14801054295 
998 f f |a S587 .M3 1923  |t 0  |l Remote Storage